00981nam a2200277 i 4500003000900000005001700009007000300026008003000029020001800059040003000077041000800107082002400115100003700139245005100176264007400227300002700301336002700328337003500355338002800390490005500418490002900473500007000502650002400572650002700596830008000623DO-SdBNP20250630151406.0ta210302b 2019 dr 00| 0 spa d a9789945443622 aDO-SdBNPbspacBNPHUerda aspa 4aRD861.44bV335b2221 aVásquez, Felicia,eautor4aut.10aBajo el sol de Guabatico /cFelicia Vásquez. 4aSanto Domingo :bBanco Central de la República Dominicana,c©2019. a134 páginas ;c23 cm atextobtxt2rdacontent asin mediaciónbn2rdacontent avolumenbnc2rdacarrier1 aBanco Central de la República Dominicana ; v2621 aArte y literatura ;v97 aIncluye datos biográficos del autor en la solapa de la cubierta 4aPoesía dominicana 4aLiteratura dominicana. 0aBanco Central de la República Dominicana ; n262pArte y literatura n97